00329nam a2200121Ia 4500008004100000041000800041082001600049100001900065245004500084260004400129300002700173365000700200240624s9999 xx 000 0 und d aeng a332.024 HEA aHEADY ROBERT K aCOMPLETE IDIOTS GUIDE TO MANAGING YOUR M c1998aNew DelhibPrentice-Hall of India axxvi, : 420 : cm. ; 24 cRS